000 00345nam a22001457a 4500
008 221219b ||||| |||| 00| 0 eng d
020 _a9780803626065
041 _aeng
080 _2FOURTH EDITION
_a610.73
082 _a610.73GRO
100 _a7
101 _aINF
245 _aTHE NEW LEADERSHIP CHALLENCE
_cGROSSMAN C SH
942 _2udc
_cBK
999 _c59208
_d59208